• 首页
  • 本馆介绍
  • 公告通知
  • 最新文献
  • 馆藏检索
  • 电子资源
  • 读者导购
  • 参考咨询
  • 我的图书馆
  • 登录
  • 详细信息显示
  • 放入我的书架
  • 预约/预借图书
  • 作者相关作品
  • 分类相关作品
  • 丛书相关作品
  • 出版社相关作品

书目信息

  • 表格格式
  • 工作单格式
  • 卡片格式
题名:
法律的脸谱
    
 
作者: 张训, 著
分册:  
出版信息: 上海   上海三联书店  2018
页数: 312页
开本: 23cm
丛书名:
单 册:
中图分类: D9-53 , I267.1
科图分类:
主题词: 法律--fa lv--文集 , 随笔--sui bi--中国--当代--作品集
电子资源:
ISBN: 978-7-5426-6356-6
000 00896cam0 2200265 450
001 012001006678
005 20140101132352.0
010    @a978-7-5426-6356-6@dCNY58.00
099    @aCAL 012018131299
100    @a20180919d2018 em y0chiy50 ea
101 0  @achi
102    @aCN@b310000
105    @ay z 000cy
106    @ar
200 1  @a法律的脸谱@Afa lv de lian pu@f张训著
210    @a上海@c上海三联书店@d2018
215    @a312页@d23cm
330    @a本书收集的这些法律类的随笔,有的带有浓厚的学术性,其中绝大多数已经发表在《法制日报》《检察日报》和《南方都市报》上。总共分为四部分的内容:行动中的法、司法的面相、刑法的脸谱和生活中的一些小感悟。
606 0  @a法律@Afa lv@j文集
606 0  @a随笔@Asui bi@y中国@z当代@j作品集
690    @aD9-53@v5
690    @aI267.1@v5
701  0 @a张训,@Azhang xun@f1976-@4著
801  0 @aCN@b上海新华@c20191020
905    @b1132060-3@dD9-53@e861@f4
    
    法律的脸谱/张训著.-上海:上海三联书店,2018
    312页;23cm
    
    
    ISBN 978-7-5426-6356-6:CNY58.00
    本书收集的这些法律类的随笔,有的带有浓厚的学术性,其中绝大多数已经发表在《法制日报》《检察日报》和《南方都市报》上。总共分为四部分的内容:行动中的法、司法的面相、刑法的脸谱和生活中的一些小感悟。
●
相关链接 在E读中查询图书 在五车中查询图书 在当当中查询图书 在豆瓣中查询图书


正题名:法律的脸谱     索取号:D9-53/861         预约/预借

序号 登录号 条形码 馆藏地/架位号 状态 备注
1 1132060   211320603   第一样本阅览室/ [索取号:D9-53/861] 在馆    
2 1132061   211320612   第一借阅区/ [索取号:D9-53/861] 在馆    
3 1132062   211320621   第一借阅区/ [索取号:D9-53/861] 在馆    
4 1132063   211320630   第一借阅区/ [索取号:D9-53/861] 在馆    
唐山师范学院图书馆 欢迎您!
大连网信软件有限公司© 版权所有